| 000 | 00646ntaaa2200229 4500 | ||
|---|---|---|---|
| 003 | 01 | ||
| 005 | 20251027203304.0 | ||
| 008 | 0714s1973 ag 01 | ||
| 020 | _a9789872361631 | ||
| 040 |
_aAR-BaBN _bspa _cAR-BaBN _eaacr _dRIC |
||
| 082 | _a230 K93 | ||
| 100 |
_aKrûger, René _99333 |
||
| 245 |
_aLa diáspora : _bDe experiencia traumática a paradigma eclesiológico / _cRené Krûger |
||
| 250 | _a1° ed. | ||
| 260 |
_aBuenos Aires : _bRené Kruger, _c2008 |
||
| 300 |
_a136 p. ; _c23x16 cm. |
||
| 650 |
_aBIBLIA _9468 |
||
| 650 | _aANTIGUO TESTAMENTO | ||
| 650 |
_aDIASPORA _922014 |
||
| 650 |
_aTEOLOGIA BIBLICA _9313 |
||
| 942 | _cBK | ||
| 999 |
_c28387 _d28387 |
||